[Event "17. Europa ch Juvenil - Femenino s14"]
[Site "Sibenik CRO"]
[Date "2007.09.16"]
[Round "3.13"]
[White "Stetsko, Lanita"]
[Black "Kolaric, Spela"]
[Result "1-0"]
[WhiteElo "2029"]
[BlackElo "1827"]
[PlyCount "31"]
[EventDate "2007.09.14"]
[EventType "swiss"]
[EventRounds "9"]
[EventCountry "CRO"]
[Source "lmi"]
[SourceDate "2007.09.14"]

1. e4 e5 2. Nc3 Nf6 3. Bc4 Bc5 4. d3 d6 5. f4 Ng4 6. f5 h5 7. Nf3 Nf2 8. Qe2
Nxh1 9. Ng5 Rf8 10. Qxh5 Qd7 11. Be6 Qc6 12. Nxf7 Bxe6 13. fxe6 Ke7 14. Bg5+
Kxe6 15. Qg6+ Kd7 16. Qf5+ 1-0

[Event "17. Europa ch Juvenil - Femenino s14"]
[Site "Sibenik CRO"]
[Date "2007.09.16"]
[Round "3.14"]
[White "Suslova, Alena"]
[Black "Le Bail, Arielle"]
[Result "1-0"]
[WhiteElo "2091"]
[BlackElo "1808"]
[PlyCount "53"]
[EventDate "2007.09.14"]
[EventType "swiss"]
[EventRounds "9"]
[EventCountry "CRO"]
[Source "lmi"]
[SourceDate "2007.09.14"]

1. c4 c6 2. e4 d6 3. Nc3 e5 4. g3 f5 5. d3 Nf6 6. Bg2 Be7 7. Nge2 Nbd7 8. O-O
O-O 9. f4 Ng4 10. h3 Qb6+ 11. d4 Ngf6 12. exf5 exd4 13. Nxd4 Nh5 14. Kh2 Nhf6
15. Na4 Qb4 16. b3 d5 17. Ne6 Rf7 18. Ng5 Rf8 19. cxd5 Nb6 20. Nxb6 Qxb6 21. d6
Bd8 22. Qd3 Qc5 23. Ne6 Qa5 24. Bd2 Qa3 25. Nxf8 Kxf8 26. g4 Ne8 27. d7 1-0

[Event "17. Europa ch Juvenil - Femenino s14"]
[Site "Sibenik CRO"]
[Date "2007.09.16"]
[Round "3.15"]
[White "Pavlidou, Ekaterini"]
[Black "Androni, Konstantina"]
[Result "1-0"]
[WhiteElo "1984"]
[BlackElo "1804"]
[PlyCount "81"]
[EventDate "2007.09.14"]
[EventType "swiss"]
[EventRounds "9"]
[EventCountry "CRO"]
[Source "lmi"]
[SourceDate "2007.09.14"]

1. d4 d5 2. c4 c6 3. Nf3 Nf6 4. Nc3 e6 5. Bg5 dxc4 6. e4 b5 7. e5 h6 8. Bh4 g5
9. Nxg5 hxg5 10. Bxg5 Nbd7 11. exf6 Bb7 12. g3 Qb6 13. Bg2 c5 14. d5 O-O-O 15.
O-O b4 16. Na4 Qb5 17. a3 exd5 18. axb4 cxb4 19. Be3 a5 20. Qd4 Bd6 21. Nb6+
Nxb6 22. Qxb6 Qxb6 23. Bxb6 Rd7 24. Rfe1 Bc6 25. Rxa5 Rh5 26. Re8+ Kb7 27. Bd4
Bb8 28. Re7 Rxe7 29. fxe7 Bd6 30. Bxd5 Rxd5 31. Rxd5 Bxe7 32. Ra5 Kc7 33. h4
Kd7 34. h5 Bf8 35. Rf5 Ke6 36. h6 c3 37. bxc3 Bxh6 38. Rf6+ Kd5 39. Rxh6 b3 40.
Rxc6 Kxc6 41. c4 1-0

[Event "17. Europa ch Juvenil - Femenino s14"]
[Site "Sibenik CRO"]
[Date "2007.09.16"]
[Round "3.16"]
[White "Edes, Zsofia"]
[Black "Suarez Calvo, Alexandra"]
[Result "0-1"]
[WhiteElo "1831"]
[BlackElo "1970"]
[PlyCount "80"]
[EventDate "2007.09.14"]
[EventType "swiss"]
[EventRounds "9"]
[EventCountry "CRO"]
[Source "lmi"]
[SourceDate "2007.09.14"]

1. d4 Nf6 2. c4 e6 3. Nc3 Bb4 4. f3 c5 5. d5 b5 6. e4 O-O 7. Bd2 bxc4 8. Bxc4
Bxc3 9. Bxc3 Nxd5 10. Bxd5 exd5 11. Qxd5 Qb6 12. Ne2 Bb7 13. Qg5 f6 14. Qg4 d5
15. exd5 Re8 16. Rd1 Qd6 17. f4 Ba6 18. Rd2 Bc4 19. O-O Nd7 20. Rfd1 Nb6 21.
Ng3 Kh8 22. Qh4 Qd7 23. Nh5 Qf7 24. Qg4 Bxa2 25. d6 Be6 26. f5 Bb3 27. Rf1 Rad8
28. Qg3 Qxh5 29. Rf4 Qf7 30. Rg4 Nc4 31. Rd3 Ne5 32. Bxe5 Bc2 33. Rxg7 Qxg7 34.
Bxf6 Qxf6 35. Rc3 Bxf5 36. Rf3 Rxd6 37. Rf1 Qe5 38. Qg5 Qe3+ 39. Qxe3 Rxe3 40.
Rxf5 c4 0-1

[Event "17. Europa ch Juvenil - Femenino s14"]
[Site "Sibenik CRO"]
[Date "2007.09.16"]
[Round "3.18"]
[White "Barbageorgopoulou, Fani"]
[Black "Brunello, Marina"]
[Result "1/2-1/2"]
[WhiteElo "1792"]
[BlackElo "1947"]
[PlyCount "74"]
[EventDate "2007.09.14"]
[EventType "swiss"]
[EventRounds "9"]
[EventCountry "CRO"]
[Source "lmi"]
[SourceDate "2007.09.14"]

1. d4 d5 2. c4 e6 3. Nf3 Nf6 4. Bg5 Nbd7 5. Nc3 c6 6. e3 Qa5 7. Nd2 Bb4 8. Qc2
O-O 9. Be2 e5 10. dxe5 Ne4 11. Ndxe4 dxe4 12. O-O Bxc3 13. Qxc3 Qxc3 14. bxc3
Nxe5 15. Rfd1 Be6 16. Rd4 f5 17. Be7 Rfe8 18. Bd6 Nf7 19. Rad1 Nxd6 20. Rxd6
Kf7 21. Rb1 Re7 22. Kf1 Rc7 23. a4 Ke7 24. c5 Rd8 25. Rd4 a5 26. Ke1 Rxd4 27.
cxd4 Kf6 28. Kd2 Bd5 29. Kc3 g5 30. Bc4 Ke6 31. Be2 h6 32. Rb2 Rh7 33. Rb1 h5
34. Rf1 f4 35. Bd1 Rh6 36. Re1 Rh8 37. Bc2 Kf5 1/2-1/2

[Event "17. Europa ch Juvenil - Femenino s14"]
[Site "Sibenik CRO"]
[Date "2007.09.16"]
[Round "3.19"]
[White "Purgar, Ivona"]
[Black "Stodolnik, Alicja"]
[Result "0-1"]
[WhiteElo "1944"]
[BlackElo "1789"]
[PlyCount "80"]
[EventDate "2007.09.14"]
[EventType "swiss"]
[EventRounds "9"]
[EventCountry "CRO"]
[Source "lmi"]
[SourceDate "2007.09.14"]

1. e4 c5 2. Nf3 e6 3. d4 cxd4 4. Nxd4 Nf6 5. Nc3 d6 6. Be2 Nc6 7. O-O Bd7 8.
Nb3 a6 9. a4 Be7 10. Be3 Na5 11. f4 Nxb3 12. cxb3 Bc6 13. Bf3 Qa5 14. Qd4 e5
15. Qc4 exf4 16. b4 Qg5 17. b5 Bd7 18. e5 dxe5 19. Bxb7 axb5 20. Nxb5 O-O 21.
Bxa8 Rxa8 22. Bb6 e4 23. Bc7 Bh3 24. Qc2 f3 25. g3 Bxf1 26. Rxf1 Qc5+ 27. Qxc5
Bxc5+ 28. Kh1 Rxa4 29. Bd6 Bxd6 30. Nxd6 Rb4 31. Rc1 g6 32. Nc4 Nd5 33. Kg1 e3
34. Rc2 Rb3 35. Ne5 f2+ 36. Kf1 f5 37. h4 Kg7 38. Nc6 f4 39. gxf4 Nxf4 40. Nd4
Rd3 0-1

[Event "17. Europa ch Juvenil - Femenino s14"]
[Site "Sibenik CRO"]
[Date "2007.09.16"]
[Round "3.20"]
[White "Vericeanu, Ilinca"]
[Black "Auvray, Juliette"]
[Result "1-0"]
[WhiteElo "1669"]
[BlackElo "1906"]
[PlyCount "53"]
[EventDate "2007.09.14"]
[EventType "swiss"]
[EventRounds "9"]
[EventCountry "CRO"]
[Source "lmi"]
[SourceDate "2007.09.14"]

1. e4 c6 2. Nc3 d5 3. Nf3 dxe4 4. Nxe4 Nd7 5. Bc4 Ngf6 6. Neg5 e6 7. Qe2 Nd5 8.
O-O Be7 9. d3 h6 10. Ne4 O-O 11. h3 Qc7 12. Nh2 N7f6 13. Nxf6+ Nxf6 14. Ng4 b5
15. Bb3 a5 16. a3 Bb7 17. Nxf6+ Bxf6 18. Qg4 Kh8 19. f4 Qb6+ 20. Kh1 Rad8 21.
f5 e5 22. Qh5 Kg8 23. Bxh6 gxh6 24. Qg6+ Kh8 25. Qxf6+ Kh7 26. Bxf7 Qc7 27.
Qg6+ 1-0

[Event "17. Europa ch Juvenil - Femenino s14"]
[Site "Sibenik CRO"]
[Date "2007.09.16"]
[Round "3.27"]
[White "Bazhenova, Dina"]
[Black "Juciute, Henrieta"]
[Result "1-0"]
[WhiteElo "1910"]
[BlackElo "1863"]
[PlyCount "89"]
[EventDate "2007.09.14"]
[EventType "swiss"]
[EventRounds "9"]
[EventCountry "CRO"]
[Source "lmi"]
[SourceDate "2007.09.14"]

1. e4 e5 2. f4 exf4 3. Bc4 Nf6 4. Nc3 Bb4 5. d3 g5 6. h4 d5 7. exd5 Nxd5 8.
Qe2+ Be6 9. Bxd5 Bxc3+ 10. bxc3 Qxd5 11. hxg5 Qxg5 12. Nh3 Qg3+ 13. Qf2 Qg7 14.
Bd2 Qe5+ 15. Qe2 Nc6 16. Qxe5 Nxe5 17. Nxf4 O-O-O 18. c4 Rhe8 19. O-O-O Bf5 20.
Rde1 Ng6 21. Nd5 Rxe1+ 22. Rxe1 c6 23. Ne3 Be6 24. Rh1 Nf4 25. Rh4 Ne2+ 26. Kd1
Ng3 27. Rxh7 f5 28. Re7 Bd7 29. c5 Rh8 30. Nc4 Rh1+ 31. Re1 Rh2 32. Nd6+ Kc7
33. Bf4 Rxg2 34. Nxf5+ Kd8 35. Nxg3 Bg4+ 36. Kc1 Kd7 37. Bd6 Be6 38. Ne4 Rg6
39. Rh1 Bxa2 40. Rh7+ Kd8 41. Rxb7 Rg1+ 42. Kd2 Rg2+ 43. Kc3 a5 44. Ra7 Bb1 45.
Nd2 1-0

[Event "17. Europa ch Juvenil - Femenino s14"]
[Site "Sibenik CRO"]
[Date "2007.09.17"]
[Round "4.1"]
[White "Danelia, Mariam"]
[Black "Paikidze, Nazi"]
[Result "1/2-1/2"]
[WhiteElo "2066"]
[BlackElo "2230"]
[PlyCount "144"]
[EventDate "2007.09.14"]
[EventType "swiss"]
[EventRounds "9"]
[EventCountry "CRO"]
[Source "lmi"]
[SourceDate "2007.09.14"]

1. d4 e6 2. c4 Nf6 3. Nc3 Bb4 4. Qc2 O-O 5. a3 Bxc3+ 6. Qxc3 d6 7. Bg5 Nbd7 8.
e3 Re8 9. Bd3 e5 10. Ne2 Nf8 11. O-O c6 12. Qb3 Qe7 13. Rfe1 Rb8 14. c5 N8d7
15. cxd6 Qxd6 16. Bc4 Qe7 17. Ng3 b5 18. Nf5 Qf8 19. Bxf7+ Qxf7 20. Qxf7+ Kxf7
21. Nd6+ Ke6 22. Nxe8 Nxe8 23. dxe5 Nxe5 24. Bf4 Rb7 25. Bxe5 Kxe5 26. Rac1 Bd7
27. f4+ Kd6 28. e4 Ke7 29. e5 Nc7 30. e6 Be8 31. f5 Nd5 32. g4 b4 33. Ra1 b3
34. Rac1 Rb5 35. Kf2 Nf4 36. Rc3 Nd5 37. Rcc1 Nf4 38. Rc3 Nd5 39. Rcc1 g6 40.
Kg3 Ra5 41. Rc4 Nb6 42. fxg6 hxg6 43. Rb4 Rb5 44. Rxb5 cxb5 45. Re3 Nc4 46.
Rxb3 Kxe6 47. Kf4 Kf6 48. h4 a6 49. Rd3 Ke7 50. b4 Bf7 51. Kg5 Ne5 52. Re3 Kd6
53. h5 gxh5 54. gxh5 Ba2 55. h6 Bb1 56. Rh3 Nc4 57. Kf6 Bc2 58. Kg7 a5 59. bxa5
Nxa5 60. Rh2 Be4 61. Rh5 Nc4 62. Rxb5 Nxa3 63. Rb6+ Ke7 64. Rb3 Nc2 65. Rb7+
Ke6 66. Rb6+ Ke7 67. Rg6 Nd4 68. h7 Nf5+ 69. Kg8 Bd5+ 70. Kh8 Kf7 71. Ra6 Ne7
72. Ra7 Be4 1/2-1/2

[Event "17. Europa ch Juvenil - Femenino s14"]
[Site "Sibenik CRO"]
[Date "2007.09.17"]
[Round "4.2"]
[White "Bulmaga, Irina"]
[Black "Trapeznikova, Darya"]
[Result "1-0"]
[WhiteElo "2158"]
[BlackElo "1959"]
[PlyCount "137"]
[EventDate "2007.09.14"]
[EventType "swiss"]
[EventRounds "9"]
[EventCountry "CRO"]
[Source "lmi"]
[SourceDate "2007.09.14"]

1. e4 Nf6 2. e5 Nd5 3. g3 d6 4. exd6 cxd6 5. Bg2 Nf6 6. Ne2 g6 7. O-O Bg7 8. d4
Qc7 9. Nbc3 O-O 10. Bg5 e6 11. Qd2 a6 12. Rad1 Nbd7 13. Rfe1 Rb8 14. Bh6 b5 15.
Bxg7 Kxg7 16. Nf4 Nb6 17. h4 e5 18. dxe5 dxe5 19. Nd3 Nc4 20. Qg5 Rd8 21. b3 h6
22. Qc1 Nb6 23. Nxe5 Re8 24. Nc6 Bg4 25. Nxb8 Bxd1 26. Rxe8 Nxe8 27. Nxd1 Qxb8
28. Ne3 Nf6 29. Qb2 Qd6 30. h5 Kh7 31. hxg6+ fxg6 32. Qc1 Nbd7 33. c4 Qc5 34.
Qd2 Ne5 35. b4 Qc7 36. c5 Kg7 37. Qd4 Kf7 38. f4 Ned7 39. c6 Nb6 40. a3 Qb8 41.
Nd5 Nbxd5 42. Bxd5+ Kg7 43. Be6 Qc7 44. Bd7 Kf7 45. Qe5 Qa7+ 46. Qc5 Qc7 47.
Bh3 h5 48. Bg2 Kg8 49. Qd4 Kf7 50. Kh1 h4 51. g4 Ke6 52. Qe3+ Kf7 53. Qe5 Qd8
54. Bf3 Qd3 55. Kg2 Qd2+ 56. Kh3 Qd8 57. c7 Qc8 58. Bd5+ Nxd5 59. Qxd5+ Kg7 60.
Qd8 Qe6 61. Qd4+ Kf7 62. Qc3 Qc8 63. Qc5 Ke8 64. Qc6+ Kf7 65. f5 gxf5 66. g5
f4+ 67. Kxh4 Qh8+ 68. Kg4 Qh2 69. Qf6+ 1-0

[Event "17. Europa ch Juvenil - Femenino s14"]
[Site "Sibenik CRO"]
[Date "2007.09.17"]
[Round "4.3"]
[White "Sokolova, Vera"]
[Black "Soloviova, Liza"]
[Result "0-1"]
[WhiteElo "2009"]
[BlackElo "2098"]
[PlyCount "100"]
[EventDate "2007.09.14"]
[EventType "swiss"]
[EventRounds "9"]
[EventCountry "CRO"]
[Source "lmi"]
[SourceDate "2007.09.14"]

1. e4 e5 2. Nf3 Nf6 3. Nxe5 d6 4. Nf3 Nxe4 5. d4 Be7 6. Bd3 Nf6 7. h3 c6 8. O-O
O-O 9. c4 Na6 10. Nc3 Re8 11. Re1 Nc7 12. Qc2 h6 13. Bf4 Be6 14. Rad1 a6 15. a4
a5 16. Qd2 Bf8 17. Re3 Na6 18. d5 cxd5 19. cxd5 Nxd5 20. Nxd5 Bxd5 21. Rxe8
Qxe8 22. Bb5 Bc6 23. Qxa5 Nc5 24. Qb4 Nxa4 25. Bxc6 Qxc6 26. Bxd6 Nxb2 27. Qxb2
Bxd6 28. Nd4 Qe4 29. Nf3 Bc5 30. Re1 Qd5 31. Re5 Qd1+ 32. Re1 Qd7 33. Qb3 b6
34. Ne5 Qf5 35. Nf3 Rd8 36. Qc3 Qf4 37. Qe5 Qxe5 38. Nxe5 Rd2 39. Ng4 f5 40.
Ne3 f4 41. Nd1 Kf7 42. Kh1 Bd4 43. h4 b5 44. Rf1 b4 45. g3 b3 46. gxf4 b2 47.
Nxb2 Rxb2 48. Kg2 Kg6 49. Kg3 Kf5 50. h5 Bxf2+ 0-1

[Event "17. Europa ch Juvenil - Femenino s14"]
[Site "Sibenik CRO"]
[Date "2007.09.17"]
[Round "4.4"]
[White "Butuc, Maria"]
[Black "Efremova, Daria"]
[Result "1-0"]
[WhiteElo "2082"]
[BlackElo "2033"]
[PlyCount "81"]
[EventDate "2007.09.14"]
[EventType "swiss"]
[EventRounds "9"]
[EventCountry "CRO"]
[Source "lmi"]
[SourceDate "2007.09.14"]

1. Nf3 Nf6 2. c4 g6 3. g3 Bg7 4. Bg2 d6 5. Nc3 O-O 6. O-O c6 7. d3 Qa5 8. Rb1
Qh5 9. b4 Bh3 10. Bg5 h6 11. Bxf6 Bxf6 12. Qc2 Nd7 13. b5 g5 14. Nd2 Bxg2 15.
Kxg2 g4 16. f3 Qh3+ 17. Kh1 gxf3 18. Nxf3 Kh8 19. Ne4 Rg8 20. Nf2 Qh5 21. Kg2
Ne5 22. Nxe5 Bxe5 23. Nh1 Rg4 24. bxc6 bxc6 25. e3 Rag8 26. Rf2 f5 27. d4 Bf6
28. Qxf5 R4g5 29. Qe4 Rg4 30. Qxc6 Rh4 31. Kg1 Qg6 32. Rb3 a5 33. a4 Re4 34.
Rf3 Bxd4 35. exd4 Re1+ 36. Kg2 Qc2+ 37. Nf2 Re2 38. Rbe3 Rd2 39. Qb5 Rxd4 40.
Rxe7 Qxc4 41. Qb1 1-0

[Event "17. Europa ch Juvenil - Femenino s14"]
[Site "Sibenik CRO"]
[Date "2007.09.17"]
[Round "4.5"]
[White "Baciu, Diana"]
[Black "Vombek, Sara"]
[Result "0-1"]
[WhiteElo "2048"]
[BlackElo "1873"]
[PlyCount "46"]
[EventDate "2007.09.14"]
[EventType "swiss"]
[EventRounds "9"]
[EventCountry "CRO"]
[Source "lmi"]
[SourceDate "2007.09.14"]

1. e4 c5 2. d3 d6 3. f4 Nc6 4. Nf3 g6 5. g3 Bg7 6. Bg2 e6 7. O-O Nge7 8. c3 O-O
9. Be3 Bd7 10. Re1 Rc8 11. Nbd2 b5 12. d4 cxd4 13. cxd4 Nb4 14. Re2 Nc2 15. Rc1
Nxe3 16. Rxe3 Qb6 17. Nb3 e5 18. Rd3 f5 19. exf5 Bxf5 20. Rd2 exf4 21. gxf4 Nd5
22. Rxc8 Bxc8 23. Nc5 dxc5 0-1

[Event "17. Europa ch Juvenil - Femenino s14"]
[Site "Sibenik CRO"]
[Date "2007.09.17"]
[Round "4.6"]
[White "Adamowicz, Katarzyna"]
[Black "Suslova, Alena"]
[Result "0-1"]
[WhiteElo "2007"]
[BlackElo "2091"]
[PlyCount "44"]
[EventDate "2007.09.14"]
[EventType "swiss"]
[EventRounds "9"]
[EventCountry "CRO"]
[Source "lmi"]
[SourceDate "2007.09.14"]

1. e4 d5 2. exd5 Nf6 3. d4 Nxd5 4. Nf3 g6 5. c4 Nb6 6. c5 Nd5 7. Bc4 Bg7 8. Nc3
c6 9. O-O O-O 10. Re1 h6 11. h3 e6 12. Ne5 Nd7 13. Nxd7 Bxd7 14. Be3 b6 15. Ne4
f5 16. Nd6 Kh7 17. Bxd5 exd5 18. b4 f4 19. Bc1 f3 20. g3 Bxh3 21. Be3 Qd7 22.
Qd3 Bg2 0-1

[Event "17. Europa ch Juvenil - Femenino s14"]
[Site "Sibenik CRO"]
[Date "2007.09.17"]
[Round "4.7"]
[White "Arabidze, Meri"]
[Black "Remoli Sargues, Lidia"]
[Result "1-0"]
[WhiteElo "2095"]
[BlackElo "1894"]
[PlyCount "101"]
[EventDate "2007.09.14"]
[EventType "swiss"]
[EventRounds "9"]
[EventCountry "CRO"]
[Source "lmi"]
[SourceDate "2007.09.14"]

1. d4 Nf6 2. c4 g6 3. Nc3 Bg7 4. g3 d6 5. Bg2 O-O 6. Nf3 Nbd7 7. O-O e5 8. e4
c6 9. h3 Re8 10. Re1 a5 11. Be3 exd4 12. Nxd4 Nc5 13. Qc2 Qe7 14. Rad1 Bd7 15.
Nb3 Ne6 16. Na4 b5 17. Nb6 a4 18. Nd4 Rab8 19. cxb5 cxb5 20. Nc6 Bxc6 21. Qxc6
Bf8 22. Qxb5 a3 23. bxa3 Nc5 24. Qc6 Qa7 25. Bxc5 dxc5 26. Nd7 Nxd7 27. Rxd7
Qxa3 28. Qd5 Re6 29. h4 Qc3 30. Rf1 Qe5 31. Qxe5 Rxe5 32. Rc1 Rc8 33. Rc4 Rb8
34. f4 Re6 35. e5 Re7 36. Rd2 Rc7 37. Kf2 Rb4 38. Rdc2 Ra7 39. Bd5 Rxc4 40.
Bxc4 h5 41. Ke3 Bg7 42. Ke4 Kf8 43. Kd5 Rc7 44. Kd6 Ra7 45. Kxc5 Ke8 46. Bb5+
Ke7 47. a4 Bf8 48. Kb6 Ra8 49. Rc7+ Ke6 50. Bd7+ Kd5 51. Bc6+ 1-0

[Event "17. Europa ch Juvenil - Femenino s14"]
[Site "Sibenik CRO"]
[Date "2007.09.17"]
[Round "4.8"]
[White "Nesic, Dragana"]
[Black "Tjolsen, Katrine"]
[Result "0-1"]
[WhiteElo "1891"]
[BlackElo "2081"]
[PlyCount "72"]
[EventDate "2007.09.14"]
[EventType "swiss"]
[EventRounds "9"]
[EventCountry "CRO"]
[Source "lmi"]
[SourceDate "2007.09.14"]

1. e4 c5 2. Nc3 g6 3. g3 Bg7 4. Bg2 Nc6 5. f4 d6 6. Nf3 e5 7. d3 Nge7 8. O-O
Nd4 9. Ne2 Nxf3+ 10. Rxf3 Bg4 11. Rf2 exf4 12. Rxf4 Qd7 13. c3 O-O 14. Qf1 Rae8
15. h3 Be6 16. Rf2 d5 17. Nf4 d4 18. c4 Be5 19. Nxe6 Qxe6 20. Bh6 Bg7 21. Bxg7
Kxg7 22. Qe2 Qe5 23. Qg4 Nc6 24. a3 Qe7 25. Rb1 Rb8 26. Qf4 Ne5 27. Qd2 b5 28.
cxb5 Rxb5 29. Qc2 Rc8 30. Bf1 Qg5 31. Kg2 h5 32. Qd2 Qe7 33. Be2 Rb3 34. Qc2
Rcb8 35. Bf1 c4 36. dxc4 Qg5 0-1

[Event "17. Europa ch Juvenil - Femenino s14"]
[Site "Sibenik CRO"]
[Date "2007.09.17"]
[Round "4.9"]
[White "Lefevre, Margaux"]
[Black "Kluchik, Julia"]
[Result "0-1"]
[WhiteElo "1889"]
[BlackElo "2049"]
[PlyCount "66"]
[EventDate "2007.09.14"]
[EventType "swiss"]
[EventRounds "9"]
[EventCountry "CRO"]
[Source "lmi"]
[SourceDate "2007.09.14"]

1. e4 c6 2. d4 d5 3. e5 Bf5 4. Nf3 e6 5. Be2 Nd7 6. O-O Ne7 7. b3 c5 8. Na3 Nc6
9. c4 dxc4 10. Nxc4 Nb6 11. Bb2 Nxc4 12. Bxc4 Be7 13. d5 exd5 14. Bxd5 Qc7 15.
Qe2 O-O 16. a3 Rad8 17. Rfd1 Qc8 18. Qc4 a6 19. Rac1 b5 20. Qf4 Be6 21. Bxe6
Qxe6 22. Qe3 Rd5 23. Rxd5 Qxd5 24. h3 Rd8 25. Qc3 Nd4 26. Nxd4 cxd4 27. Qd3
Qxe5 28. b4 Bf6 29. Kf1 Qh2 30. Rc5 Qh1+ 31. Ke2 Qxg2 32. Bxd4 Qa8 33. Rh5 g6
0-1

[Event "17. Europa ch Juvenil - Femenino s14"]
[Site "Sibenik CRO"]
[Date "2007.09.17"]
[Round "4.10"]
[White "Anakidze, Nino"]
[Black "Stetsko, Lanita"]
[Result "0-1"]
[WhiteElo "1868"]
[BlackElo "2029"]
[PlyCount "62"]
[EventDate "2007.09.14"]
[EventType "swiss"]
[EventRounds "9"]
[EventCountry "CRO"]
[Source "lmi"]
[SourceDate "2007.09.14"]

1. e4 c5 2. Nf3 Nc6 3. c3 d5 4. exd5 Qxd5 5. d4 Nf6 6. Be3 Ng4 7. Bd3 Nxe3 8.
fxe3 e6 9. O-O Be7 10. Nbd2 O-O 11. a3 Bd7 12. Qe2 a6 13. Nc4 Qh5 14. Qe1 b5
15. Nce5 Rad8 16. Be4 Nxe5 17. Nxe5 Bd6 18. Rf3 f5 19. Rh3 Qg5 20. Nxd7 Rxd7
21. Bc2 e5 22. Rd1 cxd4 23. cxd4 e4 24. Qe2 Rc7 25. Rf1 Kh8 26. Bb1 g6 27. Qd2
Rfc8 28. Kh1 Qe7 29. Qd1 Rc4 30. g4 fxg4 31. Rh4 Rc1 0-1

[Event "17. Europa ch Juvenil - Femenino s14"]
[Site "Sibenik CRO"]
[Date "2007.09.17"]
[Round "4.11"]
[White "Zakoscielna, Kinga"]
[Black "Vericeanu, Ilinca"]
[Result "1-0"]
[WhiteElo "2020"]
[BlackElo "1669"]
[PlyCount "87"]
[EventDate "2007.09.14"]
[EventType "swiss"]
[EventRounds "9"]
[EventCountry "CRO"]
[Source "lmi"]
[SourceDate "2007.09.14"]

1. e4 c5 2. Nf3 e6 3. d4 cxd4 4. Nxd4 Nc6 5. Nc3 Qc7 6. Be2 Nf6 7. O-O a6 8.
Be3 Bb4 9. Nxc6 bxc6 10. Bd3 d5 11. exd5 cxd5 12. Bd4 Bd6 13. Bxf6 Bxh2+ 14.
Kh1 gxf6 15. g3 Bxg3 16. fxg3 Qxg3 17. Qh5 Qg5 18. Qh3 Bb7 19. Rg1 Qf4 20. Rae1
O-O-O 21. Rgf1 Qg5 22. Na4 d4+ 23. Be4 Bxe4+ 24. Rxe4 Qb5 25. b3 Qc6 26. Qf3
Rd5 27. Rh4 Kd7 28. c4 dxc3 29. Nxc3 Rd3 30. Qxc6+ Kxc6 31. Rc4+ Kd6 32. Ne4+
Ke7 33. Nxf6 Rh3+ 34. Kg2 Rh6 35. Rc7+ Kf8 36. Ng4 Rg6 37. Rfxf7+ Ke8 38. Kf3
Rf8 39. Rce7+ Kd8 40. Rd7+ Ke8 41. Rxf8+ Kxf8 42. Rxh7 Rg5 43. Ra7 a5 44. Ne3
1-0

[Event "17. Europa ch Juvenil - Femenino s14"]
[Site "Sibenik CRO"]
[Date "2007.09.17"]
[Round "4.12"]
[White "Vince, Andrea"]
[Black "Nikologorskaya, Tatiana"]
[Result "1-0"]
[WhiteElo "1990"]
[BlackElo "1890"]
[PlyCount "67"]
[EventDate "2007.09.14"]
[EventType "swiss"]
[EventRounds "9"]
[EventCountry "CRO"]
[Source "lmi"]
[SourceDate "2007.09.14"]

1. e4 c5 2. Nf3 d6 3. d4 cxd4 4. Nxd4 Nf6 5. f3 e5 6. Nb3 Be6 7. Nc3 a6 8. Be3
Nbd7 9. Qd2 Qc7 10. O-O-O Be7 11. g4 h6 12. h4 b5 13. Kb1 b4 14. Nd5 Bxd5 15.
exd5 a5 16. Bb5 Kf8 17. Bc6 Rc8 18. g5 Ng8 19. Rdg1 Nb8 20. Bb5 Qb7 21. Be2 Bd8
22. f4 a4 23. Nc1 exf4 24. Bxf4 Be7 25. Qd4 h5 26. Bd2 Na6 27. Bxa6 Qxa6 28.
Bxb4 Qb5 29. Ba3 Rb8 30. Re1 Qd7 31. Qf4 f6 32. Ne2 Ke8 33. Nd4 Rb6 34. Nc6 1-0

[Event "17. Europa ch Juvenil - Femenino s14"]
[Site "Sibenik CRO"]
[Date "2007.09.17"]
[Round "4.13"]
[White "Stodolnik, Alicja"]
[Black "Pavlidou, Ekaterini"]
[Result "1-0"]
[WhiteElo "1789"]
[BlackElo "1984"]
[PlyCount "97"]
[EventDate "2007.09.14"]
[EventType "swiss"]
[EventRounds "9"]
[EventCountry "CRO"]
[Source "lmi"]
[SourceDate "2007.09.14"]

1. c4 c5 2. Nf3 Nc6 3. d4 cxd4 4. Nxd4 g6 5. Nc3 Bg7 6. e3 Nf6 7. g3 O-O 8. Bg2
a6 9. O-O Qc7 10. b3 d6 11. Bb2 e6 12. Rc1 Ne7 13. Qe2 Bd7 14. Rfd1 Rad8 15.
Rd2 Qb8 16. e4 e5 17. Nc2 Be6 18. Rcd1 Ne8 19. Ba3 f5 20. Rd3 f4 21. Qd2 Nc8
22. c5 g5 23. cxd6 Rd7 24. gxf4 gxf4 25. Na4 b6 26. Nb4 Qb7 27. Nb2 Nexd6 28.
Nd5 Rfd8 29. Nc4 Nxc4 30. bxc4 Qc6 31. Rc1 Kh8 32. Qb2 Bxd5 33. cxd5 Qg6 34.
Kh1 Bf6 35. f3 Rg7 36. Rd2 Rdg8 37. d6 b5 38. Rc6 Qh5 39. Qc1 Na7 40. Rc7 Bd8
41. Rxg7 Rxg7 42. Qc5 Rd7 43. Bb2 Bf6 44. Rd5 Qg6 45. Bh3 Rg7 46. Rd1 Qe8 47.
d7 Qb8 48. Bxe5 Bxe5 49. d8=Q+ 1-0

[Event "17. Europa ch Juvenil - Femenino s14"]
[Site "Sibenik CRO"]
[Date "2007.09.17"]
[Round "4.17"]
[White "Brunello, Marina"]
[Black "Narva, Triin"]
[Result "1-0"]
[WhiteElo "1947"]
[BlackElo "1858"]
[PlyCount "45"]
[EventDate "2007.09.14"]
[EventType "swiss"]
[EventRounds "9"]
[EventCountry "CRO"]
[Source "lmi"]
[SourceDate "2007.09.14"]

1. e4 c5 2. c3 d6 3. d4 cxd4 4. cxd4 g6 5. Nc3 Bg7 6. Be3 Nf6 7. h3 Qa5 8. Qd2
Bd7 9. Nf3 Nc6 10. Bc4 Rc8 11. a3 Nb4 12. O-O Rxc4 13. axb4 Qxb4 14. Rxa7 e6
15. e5 dxe5 16. dxe5 Ng8 17. Rd1 Qe7 18. Ra8+ Rc8 19. Bc5 Qd8 20. Nb5 Bf8 21.
Rxc8 Qxc8 22. Bxf8 Kxf8 23. Qxd7 1-0

[Event "17. Europa ch Juvenil - Femenino s14"]
[Site "Sibenik CRO"]
[Date "2007.09.17"]
[Round "4.18"]
[White "Kolaric, Spela"]
[Black "Bluebaum, Johanna"]
[Result "1/2-1/2"]
[WhiteElo "1827"]
[BlackElo "1946"]
[PlyCount "121"]
[EventDate "2007.09.14"]
[EventType "swiss"]
[EventRounds "9"]
[EventCountry "CRO"]
[Source "lmi"]
[SourceDate "2007.09.14"]

1. e4 e6 2. d4 d5 3. Nc3 Nf6 4. e5 Nfd7 5. f4 c5 6. Nf3 Nc6 7. Be3 cxd4 8. Nxd4
Bc5 9. Na4 Qa5+ 10. c3 Nxd4 11. Bxd4 Bxd4 12. Qxd4 O-O 13. Bd3 b6 14. Bc2 Ba6
15. Rd1 Rac8 16. b4 Qb5 17. Qd3 Qxd3 18. Bxd3 b5 19. Kd2 Rc6 20. Nb2 f6 21.
exf6 Rxf6 22. Rhf1 Nb6 23. Rde1 Nc4+ 24. Nxc4 bxc4 25. Be2 Bb5 26. Ke3 Ra6 27.
Ra1 Kf7 28. Kd4 Ke7 29. Kc5 Bd7 30. Bd1 Rc6+ 31. Kd4 Rc8 32. g3 Kd6 33. a4 g5
34. Bc2 gxf4 35. gxf4 Rxf4+ 36. Rxf4 e5+ 37. Ke3 exf4+ 38. Kxf4 Rf8+ 39. Ke3
Bf5 40. Rg1 Re8+ 41. Kd2 Bxc2 42. Kxc2 Re2+ 43. Kb1 Rxh2 44. Rg7 a6 45. Ra7 Ke5
46. Rxa6 Ke4 47. Rf6 Rh1+ 48. Kb2 Rh2+ 49. Kb1 d4 50. cxd4 Kxd4 51. Rf3 c3 52.
Rf4+ Kd3 53. Rf8 Rb2+ 54. Kc1 Rxb4 55. Rf3+ Kc4 56. Rh3 Rxa4 57. Rxh7 Kb3 58.
Rb7+ Rb4 59. Rxb4+ Kxb4 60. Kc2 Kc4 61. Kc1 1/2-1/2